Normal view
MARC view
- Watkinson, John,
Entry Personal Name
001 - CONTROL NUMBER
- control field: 104543
003 - CONTROL NUMBER IDENTIFIER
- control field: NUST
005 - DATE AND TIME OF LATEST TRANSACTION
- control field: 20221209105739.0
008 - FIXED-LENGTH DATA ELEMENTS
- fixed length control field: 221209|| aca||aabn | a|a d
040 ## - CATALOGING SOURCE
- Original cataloging agency: NUST
- Transcribing agency: NUST
100 ## - HEADING--PERSONAL NAME
- Personal name: Watkinson, John,
- Dates associated with a name: 1950-
670 ## - SOURCE DATA FOUND
- Source citation: Work cat.: (NUST)176367: Rumsey, Francis. 104540, The digital interface handbook /, 1993.
